ITSM: an interactive time series modelling package for the PC

שמור ב:
מידע ביבליוגרפי
Main Authors: Brockwell, Peter J (Author), Davis, Richard A (Author)
פורמט: ספר
שפה:אנגלית
יצא לאור: Nueva York Springer Verlag 1991
נושאים:
תגים: הוספת תג
אין תגיות, היה/י הראשונ/ה לתייג את הרשומה!

MARC

LEADER 00000nam a2200000 a 4500
001 UCX8007
003 CL-VaPUC
008 940119e19910000US |||||||||||||||||eng|d
082 0 4 |a 519.550285  |b BRO  |2 21 
100 0 |a Brockwell, Peter J  |e author  |9 324993 
700 0 |a Davis, Richard A  |e author  |9 324994 
245 1 0 |a ITSM: an interactive time series modelling package for the PC 
300 |a 104 p 
942 |c BK 
945 |d 19940119 00:00:00  |a mfernand 
260 |a Nueva York  |b Springer Verlag  |c 1991 
650 0 |a Series de tiempo   |x Procesamiento de datos   |v Análisis  |9 324995 
583 |a last modification  |c 19940119 00:00:00  |k Rodrigo Vera 
999 |c 227645  |d 227643 
952 |0 0  |1 0  |4 0  |6 519_550285000000000_BRO_1991  |7 0  |8 A  |9 226798  |a BIBMAT  |b BIBMAT  |d 2019-11-15  |i 2959496  |o 519.550285 BRO 1991  |p 2959496  |r 2025-01-07  |w 2019-11-15  |y BK  |k MAT